Music Quiz

Random Music or Song Quiz

100 Rock Bands by Song Quiz Stats

 Plays Quiz not verified by Sporcle

Score 0/100 Timer 08:00
0 Plays Today
Song Band % Correct
Stairway to HeavenLed Zeppelin
82%
Welcome To The JungleGuns N' Roses
79%
Hells BellsAC/DC
77%
Crazy TrainOzzy Osbourne
73%
Freak on a LeashKorn
69%
Killing In The NameRage Against The Machine
64%
Even FlowPearl Jam
63%
For Whom The Bell TollsMetallica
62%
Cold as IceForeigner
57%
Cherry PieWarrant
56%
Any Way You Want ItJourney
55%
Breaking The LawJudas Priest
55%
RoosterAlice In Chains
54%
Kryptonite3 Doors Down
53%
Cowboys From HellPantera
46%
DriveIncubus
45%
Cult of PersonalityLiving Colour
44%
Machine HeadBush
44%
Famous Last WordsMy Chemical Romance
43%
Miss MurderAFI
38%
Cheap SunglassesZZ Top
37%
Metal Health (Bang Your Head)Quiet Riot
36%
Looks That KillMotley Crue
35%
BodiesDrowning Pool
34%
Little Black SubmarinesThe Black Keys
33%
Never AgainNickelback
29%
The SeekerThe Who
28%
Flirtin' With DisasterMolly Hatchet
27%
Almost EasyAvenged Sevenfold
21%
Drift and DiePuddle of Mudd
20%
Tears Don't FallBullet For My Valentine
20%
Cryin' Like A BitchGodsmack
19%
Country SongSeether
19%
AlwaysSaliva
19%
Song Band % Correct
Feel Good DragAnberlin
19%
LiberateDisturbed
18%
Sound of MadnessShinedown
17%
Hate MeBlue October
17%
IssuesEscape The Fate
17%
What If I Was NothingAll That Remains
15%
Give Me A SignBreaking Benjamin
14%
TrenchesPop Evil
14%
Bottom of the BottleSmile Empty Soul
13%
If It Means A Lot To YouA Day To Remember
13%
Everywhere I GoHollywood Undead
12%
Room to BreatheYou Me at Six
12%
When Two Are OneAtreyu
12%
You're a LieSlash
11%
Leader of the Broken HeartsPapa Roach
11%
Gone ForeverThree Days Grace
11%
White RabbitEgypt Central
11%
IsolationAlter Bridge
11%
Image of the InvisibleThrice
10%
All American NightmareHinder
10%
RebirthingSkillet
10%
Can't Heal YouFive Finger Death Punch
10%
I Like ItFoxy Shazam
10%
The RiverGood Charlotte
9%
StalemateStone Sour
9%
SuddenlyCreed
9%
UnravelingSevendust
9%
Do What You DoMudvayne
9%
Bullet In My HandRedlight King
9%
Well Enough AloneChevelle
9%
Souls of BlackTestament
9%
Shoot It Out10 Years
9%
Alcohaulin' AssHellyeah
9%
Ten Ton BrickHurt
9%
Song Band % Correct
In The EndBlack Veil Brides
9%
Dirty Little Girl (ft Synyster Gates)Burn Halo
9%
Bringing Down The GiantSaving Abel
8%
Across The NationThe Union Underground
8%
Like I RollBlack Stone Cherry
8%
Should've Known BetterSick Puppies
8%
Moment of ClarityHell or Highwater
8%
Let The Bridges BurnKillswitch Engage
8%
Live to WinPaul Stanley
8%
By The Way (ft. Chris Daughtry and Robin Diaz)Theory of a Deadman
7%
HaloEvans Blue
7%
The Last RebelLynyrd Skynyrd
7%
Raining (ft. Adam Gontier)Art of Dying
7%
The Drug I NeedAgainst All Will
7%
Eyes Wide OpenStaind
7%
Bitter EndThe Veer Union
7%
Good ManDevour the Day
7%
Far Away12 Stones
7%
Giving UpTremonti
7%
Broken HandsLamb of God
6%
Save Me From MyselfBrian 'Head' Welch
6%
EnemyFozzy
6%
Far From OverRev Theory
6%
DownMotograter
6%
FadingDecyfer Down
6%
Release The PanicRed
6%
One More TimeSugar Red Drive
6%
Just a Little BitAdelitas Way
6%
CriminalFraming Hanley
6%
EonCelldweller
6%
Moving OnAsking Alexandria
6%
Nothing Left To LoseDeepfield
6%

You're not logged in!

Compare scores with friends on all Sporcle quizzes.
OR
Log In

Sporcle TV

Today on Sporcle TV


Watch our educational content, quiz creation guides, and fun videos on Sporcle TV.

Show Comments

Extras

Created Dec 7, 2014ReportNominate
Tags:Album Quiz, Rock Quiz, Song Quiz, 100

Top Quizzes Today


Score Distribution

Your Account Isn't Verified!

In order to create a playlist on Sporcle, you need to verify the email address you used during registration. Go to your Sporcle Settings to finish the process.

Report this User

Report this user for behavior that violates our Community Guidelines.

Details: